Teória výberového skúmania : cvičenia /

Hlavní autor: Chajdiak, Jozef, 1952-
Další autoři: Haluška, Jozef
Jazyk: Slovenština
Vydáno: Bratislava : Vysoká škola ekonomická, 1982
Vydání: 1. vyd.
Témata:
Fyzický popis: 251 s.
Knihy
Uloženo v:
LEADER 00827nam a22002532a 4500
001 000922347
003 CZ BrMZK
005 20081125095811.0
007 ta
008 081125s1982 xo er|||||||||||slo d
040 |a BOA001  |b cze 
080 9 |a 311.213.2(075.8) 
080 9 |a 378.633 
100 1 |a Chajdiak, Jozef,  |d 1952-  |7 xx0016335  |4 aut 
245 1 0 |a Teória výberového skúmania :  |b cvičenia /  |c Jozef Chajdiak, Jozef Haluška 
250 |a 1. vyd. 
260 |a Bratislava :  |b Vysoká škola ekonomická,  |c 1982 
300 |a 251 s. 
700 1 |a Haluška, Jozef  |7 stk2007394112  |4 aut 
910 |a BOA001  |b 4-0854.741 
964 |a Statistika - výběrové výzkumy - učebnice - vysoké školy 
990 |a BK 
991 |b 200811 
996 6 |b BC-619591  |c 4-0854.741  |l MZK  |r Sklad / do 1 hodiny  |n 0  |w 000922347  |u 000010  |a 1  |e BOA001  |j MZK50  |s P